000 00644nam a22002057a 4500
003 OSt
005 20250826013505.0
008 250826b |||||||| |||| 00| 0 eng d
020 _a0-534-62811-7
040 _cOC
082 _aCirc. 909.2 D 2005
100 _aDuiker, W.
245 _aWorld history :
_btwentieth century, 3rd ed.
260 _aAustralia :
_bWadsworth Thomson,
_cc2005
300 _axv, 352 pages :
_billustration :
_c25 cm.
504 _aIncludes index
650 _2World history - 13th century.
650 _2Title
942 _2ddc
_cBK-CIRC
_e3rd edition
_hCirc. 909.2 D 2005
_kCirc.
_n0
999 _c4222
_d4222